[Event "?"]
[Site "ICS Rated blitz match, 192.23"]
[Date "1997.??.??"]
[Round "?"]
[White "Brause"]
[Black "oldtimer"]
[Result "1-0"]
[WhiteElo "2605"]
[BlackElo "2510"]
[PlyCount "101"]

1. e4 e5 2. Nf3 Nc6 3. Nc3 Nf6 4. Nxe5 Nxe5 5. d4 Ng6 6. e5 Ng8 7. Bc4 d5 8.
Bxd5 c6 9. Bf3 Bb4 10. O-O Bxc3 11. bxc3 Be6 12. Ba3 N8e7 13. Bd6 O-O 14. Be4
Qd7 15. Qd3 b5 16. Rfb1 a6 17. a4 Kh8 18. Bxg6 hxg6 19. Qe4 Nf5 20. Bxf8 Rxf8
21. axb5 axb5 22. Ra5 Bd5 23. Qf4 Qe7 24. Rba1 Qh4 25. Qxh4+ Nxh4 26. f3 g5 27.
Ra7 Kh7 28. Rd7 Kg6 29. Raa7 Kf5 30. Kf2 g4 31. fxg4+ Kxg4 32. h3+ Kg5 33. g3
Nf5 34. g4 Nh4 35. Kg3 Rh8 36. Rxf7 Bxf7 37. Rxf7 g6 38. e6 Re8 39. e7 Nf5+ 40.
gxf5 gxf5 41. Kf3 Kg6 42. Rf8 Rxe7 43. Rc8 Re6 44. h4 Kf6 45. Rf8+ Kg6 46. Rg8+
Kf7 47. Rg5 Kf6 48. Rg1 Re4 49. h5 Rh4 50. Rg6+ Ke7 51. h6 1-0

[Event "?"]
[Site "ICS Rated blitz match, 192.23"]
[Date "1997.??.??"]
[Round "?"]
[White "Brause"]
[Black "Dorobanov"]
[Result "1-0"]
[WhiteElo "2630"]
[BlackElo "2440"]
[PlyCount "87"]

1. e4 e5 2. Nf3 Nc6 3. Nc3 Nf6 4. Nxe5 Nxe5 5. d4 Ng6 6. e5 Ng8 7. Bc4 Bb4 8.
Qf3 Qe7 9. O-O Bxc3 10. bxc3 d5 11. Bxd5 Nh4 12. Qf4 c6 13. Bxf7+ Qxf7 14. Qxh4
Ne7 15. Bg5 Ng6 16. Qe4 Bf5 17. Qe2 Be6 18. Rfe1 O-O 19. a3 Qf5 20. Qd2 Nf4 21.
Bxf4 Qxf4 22. Qxf4 Rxf4 23. f3 c5 24. Rad1 Rd8 25. Kf2 cxd4 26. g3 Rf7 27. cxd4
Rc7 28. Rd2 Rc3 29. Re3 Rxe3 30. Kxe3 b5 31. h4 Kf7 32. g4 Bc4 33. f4 Ke6 34.
f5+ Kd5 35. Kf4 a5 36. g5 a4 37. h5 Kc6 38. h6 gxh6 39. gxh6 Kd5 40. e6 Rg8 41.
c3 Rg1 42. e7 Rg8 43. Rg2 Re8 44. Rg7 1-0

[Event "?"]
[Site "ICS Rated blitz match, 192.23"]
[Date "1997.??.??"]
[Round "?"]
[White "Brause"]
[Black "Dorobanov"]
[Result "1-0"]
[WhiteElo "2635"]
[BlackElo "2430"]
[PlyCount "83"]

1. e4 e5 2. Nf3 Nc6 3. Nc3 Nf6 4. Nxe5 Nxe5 5. d4 Ng6 6. e5 Ng8 7. Bc4 Bb4 8.
Qf3 Qe7 9. O-O Bxc3 10. bxc3 d5 11. Bxd5 Nh4 12. Qf4 c6 13. Bxf7+ Qxf7 14. Qxh4
Ne7 15. Ba3 Be6 16. Bxe7 Qxe7 17. Qxe7+ Kxe7 18. f3 Rad8 19. Kf2 Rd5 20. Ke3
Ra5 21. a3 Rd8 22. Ke4 Ra4 23. Rfb1 b6 24. Rb4 Ra5 25. Ke3 Rad5 26. Ra4 R8d7
27. Ke4 c5 28. Rd1 h5 29. Rd2 g6 30. h4 Bf5+ 31. Ke3 Ke6 32. g3 Rf7 33. Ke2 a5
34. Rc4 Rfd7 35. f4 Ke7 36. Ke3 Kd8 37. Rf2 Kc7 38. dxc5 b5 39. Rd4 Kc6 40.
Rfd2 Kxc5 41. Rd1 Bxc2 42. e6 1-0

[Event "?"]
[Site "ICS Rated blitz match, 192.23"]
[Date "1997.??.??"]
[Round "?"]
[White "Brause"]
[Black "Dorobanov"]
[Result "1-0"]
[WhiteElo "2645"]
[BlackElo "2425"]
[PlyCount "137"]

1. e4 e5 2. Nf3 Nc6 3. Nc3 Nf6 4. Nxe5 Nxe5 5. d4 Ng6 6. e5 Ng8 7. Bc4 Bb4 8.
Qf3 Qe7 9. O-O Bxc3 10. bxc3 d5 11. Bxd5 Nh4 12. Qf4 c6 13. Bxf7+ Qxf7 14. Qxh4
Ne7 15. Bd2 O-O 16. a3 Ng6 17. Qg3 Be6 18. Bg5 h6 19. Be3 Qf5 20. Rab1 b5 21.
Rb2 Kh7 22. f3 Ne7 23. Qh4 Nd5 24. Qe1 a6 25. h4 h5 26. Bg5 Nb6 27. Rf2 a5 28.
Rb1 a4 29. Be7 Rf7 30. Bb4 Nc4 31. Qe4 Bd5 32. Qd3 Re8 33. Rbf1 Nb6 34. g4 hxg4
35. fxg4 Qxd3 36. cxd3 Rxf2 37. Kxf2 Rd8 38. Bc5 Nd7 39. Bd6 Nf8 40. Ke3 Kg8
41. h5 Ne6 42. Rc1 Bb3 43. Rb1 Rd7 44. Rh1 Rf7 45. Rg1 Ng5 46. Rg3 Bd5 47. Bc5
Rf3+ 48. Rxf3 Bxf3 49. Kf4 Be2 50. Kxg5 Bxd3 51. e6 Bc4 52. e7 Kf7 53. h6 gxh6+
54. Kxh6 Be6 55. g5 Bd7 56. g6+ Kg8 57. Kg5 Kg7 58. Bd6 Be8 59. Be5+ Kg8 60.
Kf6 Bd7 61. Bg3 Be8 62. Bh4 Kh8 63. Bf2 Kg8 64. Be3 Kh8 65. g7+ Kg8 66. Bh6 Kh7
67. Ke6 Kg8 68. Kd6 Kh7 69. Kc7 1-0

[Event "?"]
[Site "ICS Rated blitz match, 192.23"]
[Date "1997.??.??"]
[Round "?"]
[White "Brause"]
[Black "Dorobanov"]
[Result "0-1"]
[WhiteElo "2655"]
[BlackElo "2415"]
[PlyCount "135"]

1. e4 e5 2. Nf3 Nc6 3. Nc3 Nf6 4. Nxe5 Nxe5 5. d4 Ng6 6. e5 Ng8 7. Bc4 Bb4 8.
Qf3 Qe7 9. O-O Bxc3 10. bxc3 d5 11. Bxd5 Nh4 12. Qf4 c6 13. Bxf7+ Qxf7 14. Qxh4
Ne7 15. Bd2 O-O 16. a3 b5 17. Rac1 Be6 18. Bg5 Ng6 19. Qg3 Nf4 20. Bxf4 Qxf4
21. Qxf4 Rxf4 22. f3 Raf8 23. Kf2 a5 24. Ke3 Bc4 25. Rf2 Bd5 26. Re1 a4 27.
Ref1 Bc4 28. Rd1 Bd5 29. Rdd2 R8f7 30. Rf1 Kf8 31. Rdf2 Bc4 32. Rd1 Bd5 33. h3
Ke7 34. Rdf1 Bc4 35. Rd1 Bd5 36. Re1 g5 37. Ref1 Bc4 38. Rd1 Bd5 39. Re1 h5 40.
Rd1 Ke6 41. Rg1 g4 42. hxg4 hxg4 43. Rgf1 Bc4 44. fxg4 Rxf2 45. Rxf2 Rxf2 46.
Kxf2 Kf7 47. Ke3 Kg6 48. Kf4 Be6 49. g3 Bd5 50. Ke3 Kg5 51. Ke2 Kxg4 52. Kf2
Be6 53. Ke3 Kxg3 54. Ke4 Kg4 55. Ke3 Kf5 56. Kd3 Kf4 57. Kd2 Ke4 58. Kc1 Ke3
59. Kd1 Bf5 60. Kc1 Ke4 61. Kd2 Bg4 62. Ke1 Kd5 63. Kd2 Kc4 64. Ke3 Kxc3 65.
Kf4 Be6 66. Kg5 Kxd4 67. Kf6 Kd5 68. c3 0-1

[Event "?"]
[Site "ICS Rated blitz match, 192.23"]
[Date "1997.??.??"]
[Round "?"]
[White "Brause"]
[Black "Dorobanov"]
[Result "1-0"]
[WhiteElo "2630"]
[BlackElo "2440"]
[PlyCount "73"]

1. e4 e5 2. Nf3 Nc6 3. Nc3 Nf6 4. Nxe5 Nxe5 5. d4 Ng6 6. e5 Ng8 7. Bc4 Bb4 8.
Qf3 Qe7 9. O-O Bxc3 10. bxc3 d5 11. Bxd5 Nh4 12. Qf4 c6 13. Bxf7+ Qxf7 14. Qxh4
Ne7 15. Be3 O-O 16. Bg5 Ng6 17. Qg3 Be6 18. a4 Bd5 19. Rab1 b6 20. Ra1 Qe6 21.
a5 b5 22. Rab1 a6 23. f3 Rac8 24. Rfe1 c5 25. Re2 cxd4 26. cxd4 Rc4 27. Qf2
Rfc8 28. Be3 Ne7 29. Rd1 Qg6 30. Rdd2 Nc6 31. f4 Qf5 32. Qh4 h5 33. Bf2 Nxa5
34. Qe7 Qf7 35. Qa3 Ra4 36. Qh3 Nc4 37. Qxc8+ 1-0

[Event "?"]
[Site "ICS Rated blitz match, 192.23"]
[Date "1997.??.??"]
[Round "?"]
[White "Brause"]
[Black "Dorobanov"]
[Result "1/2-1/2"]
[WhiteElo "2635"]
[BlackElo "2435"]
[PlyCount "119"]

1. e4 e5 2. Nf3 Nc6 3. Nc3 Nf6 4. Nxe5 Nxe5 5. d4 Ng6 6. e5 Ng8 7. Bc4 Bb4 8.
Qf3 Qe7 9. O-O Bxc3 10. bxc3 d5 11. Bxd5 Nh4 12. Qf4 c6 13. Bxf7+ Qxf7 14. Qxh4
Ne7 15. Be3 Ng6 16. Qg5 O-O 17. Rfb1 b5 18. a4 Bd7 19. Ra3 a6 20. Rba1 Rac8 21.
axb5 axb5 22. Ra7 Qf5 23. f3 Qxg5 24. Bxg5 Be6 25. R1a6 h6 26. Be7 Nxe7 27.
Rxe7 Bd5 28. Raa7 Rf7 29. Kf2 Rcf8 30. Ke3 Rxe7 31. Rxe7 Rf7 32. Rxf7 Kxf7 33.
g4 g5 34. f4 gxf4+ 35. Kxf4 Kg6 36. h4 Be6 37. h5+ Kg7 38. g5 hxg5+ 39. Kxg5
Bd5 40. h6+ Kh7 41. Kf5 Kxh6 42. e6 Kg7 43. Ke5 Kf8 44. Kd6 Ke8 45. e7 Be4 46.
Ke6 Bd5+ 47. Kd6 Bf3 48. Ke6 Bg4+ 49. Kd6 Bd7 50. c4 bxc4 51. d5 cxd5 52. Kxd5
Bb5 53. Kc5 Ba6 54. Kd6 Bc8 55. Kd5 Ba6 56. Kd6 Kf7 57. Kd7 Bb5+ 58. Kd6 Ke8
59. Kc5 Ba6 60. Kd6 1/2-1/2

[Event "?"]
[Site "ICS Rated blitz match, 192.23"]
[Date "1997.??.??"]
[Round "?"]
[White "Brause"]
[Black "Buffos"]
[Result "0-1"]
[WhiteElo "2640"]
[BlackElo "2595"]
[PlyCount "96"]

1. e4 e5 2. Nf3 Nc6 3. Nc3 Nf6 4. Nxe5 Nxe5 5. d4 Ng6 6. e5 Ng8 7. Bc4 Bb4 8.
Qf3 Qe7 9. O-O Bxc3 10. bxc3 Nh6 11. g3 O-O 12. Qh5 d5 13. Bxd5 Bg4 14. Qg5
Qxg5 15. Bxg5 c6 16. Bb3 Kh8 17. Bxh6 gxh6 18. f3 Be6 19. Bxe6 fxe6 20. f4 Rad8
21. Rab1 b6 22. Rb4 h5 23. Kf2 c5 24. Ra4 Rd7 25. Ke2 Rfd8 26. Rd1 Ne7 27. Rd3
cxd4 28. Raxd4 Rxd4 29. cxd4 Rc8 30. Kd2 Nd5 31. Ra3 Rc7 32. Rb3 h4 33. Ra3
hxg3 34. hxg3 a5 35. c3 Kg7 36. Kd3 b5 37. Rb3 a4 38. Rxb5 Rxc3+ 39. Kd2 Rxg3
40. f5 Rg2+ 41. Ke1 Rxa2 42. Rb7+ Kh6 43. fxe6 a3 44. Ra7 Kg6 45. Rd7 Ra1+ 46.
Kf2 a2 47. Ra7 Rh1 48. Rxa2 Rh2+ 0-1

[Event "?"]
[Site "ICS Rated blitz match, 192.23"]
[Date "1997.??.??"]
[Round "?"]
[White "Brause"]
[Black "evbad"]
[Result "0-1"]
[WhiteElo "2625"]
[BlackElo "2300"]
[PlyCount "128"]

1. e4 e5 2. Nf3 Nc6 3. Nc3 Nf6 4. Nxe5 Nxe5 5. d4 Ng6 6. e5 Ng8 7. Bc4 d5 8.
Bxd5 c6 9. Bf3 Bb4 10. O-O Bxc3 11. bxc3 Be6 12. Be4 Bd5 13. Bd3 N8e7 14. Bg5
h6 15. Bxg6 fxg6 16. Be3 O-O 17. a3 b5 18. Re1 Nf5 19. Qg4 Kh7 20. a4 a6 21.
Red1 Qe7 22. Bc1 Qh4 23. h3 Qxg4 24. hxg4 Nh4 25. c4 bxc4 26. Ba3 Rfe8 27. f3
g5 28. Bd6 Ra7 29. Rab1 Ng6 30. Bc5 Rf7 31. Rb6 Ra8 32. Bd6 Nf4 33. Rd2 Ne6 34.
Bb4 Raa7 35. Bc3 Rfb7 36. Rxb7 Rxb7 37. Kf2 Kg6 38. Ke3 Rb1 39. Kf2 Kf7 40. Ke3
Ke7 41. Kf2 Kf7 42. Ke3 g6 43. Kf2 h5 44. gxh5 gxh5 45. Ke3 Kg6 46. a5 Kf5 47.
Kf2 h4 48. Re2 Nf4 49. Re1 Rxe1 50. Bxe1 h3 51. gxh3 Nxh3+ 52. Ke3 Ng1 53. e6
Kxe6 54. f4 g4 55. Bg3 Kf5 56. Bh2 Nf3 57. Bg3 Be4 58. c3 Bd5 59. Bf2 Nh2 60.
Be1 g3 61. Bxg3 Nf1+ 62. Kf2 Nxg3 63. Kxg3 Be4 64. Kf2 Kxf4 0-1

[Event "?"]
[Site "ICS Rated blitz match, 192.23"]
[Date "1997.??.??"]
[Round "?"]
[White "Brause"]
[Black "evbad"]
[Result "0-1"]
[WhiteElo "2595"]
[BlackElo "2325"]
[PlyCount "116"]

1. e4 e5 2. Nf3 Nc6 3. Nc3 Nf6 4. Nxe5 Nxe5 5. d4 Ng6 6. e5 Ng8 7. Bc4 d5 8.
Bxd5 c6 9. Bf3 Bb4 10. O-O Bxc3 11. bxc3 Be6 12. g4 N8e7 13. Ba3 O-O 14. Be4
Nd5 15. Bxd5 Bxd5 16. Bxf8 Nf4 17. f3 Kxf8 18. Qd2 g5 19. c4 Be6 20. Rfe1 Kg8
21. c5 b5 22. Re4 Bd5 23. Re3 a5 24. a3 a4 25. Rae1 Kg7 26. Qc3 Qd7 27. Qb2 Qe6
28. Qa1 h5 29. Qd1 hxg4 30. fxg4 Rh8 31. Rc3 Rh4 32. Rg3 Nh3+ 33. Rxh3 Rxh3 34.
Rf1 Rh4 35. Rf5 Qh6 36. Rf6 Qh7 37. Qe2 Qe4 38. Qxe4 Bxe4 39. Kf2 Rxh2+ 40. Ke3
Bd5 41. Rf5 Rh3+ 42. Kd2 Rxa3 43. Rxg5+ Kh6 44. Rh5+ Kg6 45. Rh8 Ra1 46. Rg8+
Kh7 47. Rf8 a3 48. e6 fxe6 49. Rf7+ Kg6 50. Rf8 a2 51. Rg8+ Kf7 52. Ra8 Rg1 53.
Ra7+ Kg6 54. Ra8 a1=Q 55. Rxa1 Rxa1 56. Ke3 Kg5 57. Kd2 Kxg4 58. Ke3 b4 0-1

[Event "?"]
[Site "ICS Rated blitz match, 192.23"]
[Date "1997.??.??"]
[Round "?"]
[White "Brause"]
[Black "oldtimer"]
[Result "1-0"]
[WhiteElo "2550"]
[BlackElo "2575"]
[PlyCount "79"]

1. e4 e5 2. Nf3 Nc6 3. Nc3 Nf6 4. Nxe5 Nxe5 5. d4 Ng6 6. e5 Ng8 7. Bc4 d5 8.
Bxd5 c6 9. Bf3 Bb4 10. O-O Bxc3 11. bxc3 Be6 12. g4 f5 13. gxf5 Bxf5 14. Rb1
Qd7 15. d5 cxd5 16. Qxd5 Qxd5 17. Bxd5 N8e7 18. Bxb7 Rb8 19. Be3 O-O 20. Bxa7
Rbd8 21. Bc5 Rd2 22. Rb2 Re8 23. Bd4 Bd7 24. Be3 Re2 25. Ba6 Rxe3 26. Bc4+ Kh8
27. fxe3 Nxe5 28. Rb7 N7g6 29. Bf7 Rc8 30. Bxg6 hxg6 31. Rb4 Bc6 32. Rfb1 Rc7
33. a4 g5 34. e4 Nf3+ 35. Kf2 Ne5 36. Rg1 g4 37. Rd1 Rf7+ 38. Ke3 g3 39. hxg3
Ng4+ 40. Kd2 1-0

[Event "?"]
[Site "ICS Rated blitz match, 192.23"]
[Date "1997.??.??"]
[Round "?"]
[White "Brause"]
[Black "oldtimer"]
[Result "1-0"]
[WhiteElo "2550"]
[BlackElo "2575"]
[PlyCount "75"]

1. e4 e5 2. Nf3 Nc6 3. Nc3 Nf6 4. Nxe5 Nxe5 5. d4 Ng6 6. e5 Ng8 7. Bc4 d5 8.
Bxd5 c6 9. Bf3 Bb4 10. O-O Bxc3 11. bxc3 Be6 12. g4 N8e7 13. Bg5 h6 14. Bd2 Nd5
15. Be4 Qd7 16. h3 Nh4 17. f4 f5 18. exf6 Nxf6 19. Bd3 O-O-O 20. Be1 Nxg4 21.
hxg4 Bxg4 22. Be2 Bxe2 23. Qxe2 Nf5 24. Bf2 g5 25. fxg5 Rhg8 26. Kh2 Rxg5 27.
Rg1 Qg7 28. Qe6+ Qd7 29. Qxd7+ Kxd7 30. Rxg5 hxg5 31. Kh3 Re8 32. Kg4 Re2 33.
Kxf5 Rxf2+ 34. Kxg5 Rxc2 35. Kf4 Rxc3 36. Rg1 Kc7 37. Rg7+ Kb6 38. Rg2 1-0

[Event "?"]
[Site "ICS Rated blitz match, 192.23"]
[Date "1997.??.??"]
[Round "?"]
[White "Brause"]
[Black "oldtimer"]
[Result "0-1"]
[WhiteElo "2600"]
[BlackElo "2560"]
[PlyCount "182"]

1. e4 e5 2. Nf3 Nc6 3. Nc3 Nf6 4. Nxe5 Nxe5 5. d4 Ng6 6. e5 Ng8 7. Bc4 d5 8.
Bxd5 c6 9. Bf3 Bb4 10. O-O Bxc3 11. bxc3 Be6 12. g4 N8e7 13. Bg5 h6 14. Bd2 Nh4
15. Be4 Qd7 16. f3 g5 17. Qe2 O-O-O 18. a4 h5 19. Bxg5 hxg4 20. fxg4 Rdg8 21.
Qd2 Bd5 22. Bxh4 Rxh4 23. Bxd5 Qxd5 24. h3 Rxh3 25. Qg2 Rh7 26. Rf3 Rhg7 27.
Rg3 Qxg2+ 28. Kxg2 Rxg4 29. Rxg4 Rxg4+ 30. Kf3 Rh4 31. a5 Kd7 32. Rb1 Kc7 33.
Rg1 Rh3+ 34. Kg4 Rxc3 35. Rf1 Rc4 36. Kg5 Rxd4 37. Kf6 Nd5+ 38. Kg7 Rf4 39.
Rxf4 Nxf4 40. Kxf7 Kd7 41. Kf6 Ne6 42. c3 b5 43. axb6 axb6 44. Kf5 Ke7 45. Ke4
Ng7 46. Kf4 Ke6 47. Ke4 Nh5 48. Kd4 Nf4 49. Ke4 Ng6 50. Kd4 Nxe5 51. Ke4 Kd6
52. Kd4 Nd7 53. Ke4 Nc5+ 54. Kd4 Ke6 55. c4 Kf5 56. Ke3 Ke5 57. Kf3 Kd4 58. Ke2
Kxc4 59. Kd2 Kd4 60. Kc2 b5 61. Kd2 Nd3 62. Kc2 Kc4 63. Kd2 Nb4 64. Kc1 Kc3 65.
Kd1 c5 66. Kc1 c4 67. Kd1 Na2 68. Ke1 Kc2 69. Ke2 c3 70. Ke3 Kb2 71. Kd4 c2 72.
Kc5 b4 73. Kc4 c1=Q+ 74. Kd4 Qe1 75. Kc5 Qe6 76. Kd4 Qf5 77. Ke3 Qg4 78. Kf2
Nc3 79. Ke3 Qf5 80. Kd4 Kb3 81. Ke3 Kc4 82. Kd2 Qf2+ 83. Kc1 Ne4 84. Kb1 Qd2
85. Ka1 Kb3 86. Kb1 Ka3 87. Ka1 b3 88. Kb1 Qg5 89. Ka1 Qh6 90. Kb1 Nc3+ 91. Ka1
b2# 0-1

[Event "?"]
[Site "ICS Rated blitz match, 192.23"]
[Date "1997.??.??"]
[Round "?"]
[White "Brause"]
[Black "Dorobanov"]
[Result "1/2-1/2"]
[WhiteElo "2520"]
[BlackElo "2445"]
[PlyCount "203"]

1. e4 e5 2. Nf3 Nc6 3. Nc3 Nf6 4. Nxe5 Nxe5 5. d4 Ng6 6. e5 Ng8 7. Bc4 Bb4 8.
Qf3 Qe7 9. O-O Bxc3 10. bxc3 d5 11. Bxd5 Nh4 12. Qf4 c6 13. Bxf7+ Qxf7 14. Qxh4
Ne7 15. Re1 Ng6 16. Qg5 Qe7 17. Qxe7+ Nxe7 18. Rb1 b6 19. Rb2 Be6 20. Bg5 h6
21. Bd2 O-O 22. Re4 Bd5 23. Re2 g5 24. h4 gxh4 25. Bxh6 Rf5 26. g4 Rf7 27. f4
Kh7 28. e6 Rf6 29. Bg5 Rxe6 30. Rxe6 Bxe6 31. Bxe7 Bxg4 32. Bxh4 Re8 33. Rb4
Kg6 34. Ra4 a5 35. Rc4 Bf3 36. Kf2 Bd5 37. Ra4 Kf5 38. c4 Be4 39. c5 bxc5 40.
Rxa5 Kxf4 41. Bg3+ Kg4 42. Rxc5 Ra8 43. Ke3 Bg2 44. Bd6 Rxa2 45. Be5 Ra4 46.
Kd3 Bf1+ 47. Kc3 Bg2 48. Kd2 Bd5 49. Rc3 Rc4 50. Rg3+ Kf5 51. Rg1 Ke6 52. Rg6+
Kf5 53. Rf6+ Kg5 54. c3 Kg4 55. Kd3 Kg5 56. Rf8 Kg6 57. Bd6 Kg7 58. Rf4 Kg6 59.
Be7 Kg7 60. Bf6+ Kf7 61. Be5+ Kg6 62. Rf8 Kg5 63. Bd6 Kg4 64. Rf4+ Kg5 65. Rf2
Kg4 66. Be5 Kg5 67. Rf6 Kg4 68. Bf4 Kh4 69. Rg6 Kh5 70. Rg5+ Kh4 71. Rg1 Kh3
72. Rg6 Kh4 73. Be5 Kh3 74. Rg3+ Kh4 75. Bd6 Ra4 76. Rg6 Kh5 77. Rg7 Kh6 78.
Rg3 Kh5 79. Be7 Rc4 80. Bf6 Kh6 81. Be5 Kh5 82. Rg7 Kh6 83. Rg1 Kh5 84. Bf4 Kh4
85. Rg7 Kh5 86. Bd6 Kh4 87. Be5 Kh5 88. Bf4 Kh4 89. Bc7 Kh5 90. Bd8 Kh6 91. Rg1
Kh5 92. Be7 Kh6 93. Bd6 Kh5 94. Be5 Kh4 95. Bf6+ Kh5 96. Rg5+ Kh6 97. Rg4 Kh5
98. Rg7 Kh6 99. Rg3 Kh5 100. Ke2 Kh6 101. Be5 Kh5 102. Bf4 1/2-1/2

[Event "?"]
[Site "ICS Rated blitz match, 192.23"]
[Date "1997.??.??"]
[Round "?"]
[White "Brause"]
[Black "Dorobanov"]
[Result "0-1"]
[WhiteElo "2520"]
[BlackElo "2450"]
[PlyCount "152"]

1. e4 e5 2. Nf3 Nc6 3. Nc3 Nf6 4. Nxe5 Nxe5 5. d4 Ng6 6. e5 Ng8 7. Bc4 Bb4 8.
Qf3 Qe7 9. O-O Bxc3 10. bxc3 d5 11. Bxd5 Nh4 12. Qf4 c6 13. Bxf7+ Qxf7 14. Qxh4
Ne7 15. Re1 Ng6 16. Qg5 Qe7 17. Qxe7+ Nxe7 18. Rb1 b6 19. Rb2 Be6 20. Bg5 h6
21. Bd2 O-O 22. Re4 Bd5 23. Rh4 Kh7 24. Rg4 Rf7 25. h3 Raf8 26. f3 Be6 27. Rh4
Nf5 28. Re4 Bd5 29. Rg4 g6 30. h4 Ng7 31. Kf1 Ne6 32. Be3 Rf5 33. Kg1 g5 34.
hxg5 hxg5 35. Rb4 b5 36. Rb1 Kg6 37. a4 a6 38. Ra1 Nf4 39. axb5 axb5 40. Bxf4
Rxf4 41. Rg3 R4f7 42. Kf2 Rh8 43. Ke3 Rhh7 44. Ra8 Rhg7 45. Rh8 Kf5 46. Rh5 Rf8
47. f4 Rfg8 48. Rhxg5+ Rxg5 49. fxg5 Rxg5 50. Rxg5+ Kxg5 51. g3 Kg4 52. Kf2 Be6
53. Ke3 Bf7 54. Kd2 Kxg3 55. Ke3 Bd5 56. Kd2 Kf4 57. Kd3 Kf3 58. Kd2 Kf2 59.
Kd3 Ke1 60. Ke3 Kd1 61. c4 bxc4 62. c3 Kc2 63. Ke2 Kxc3 64. Kf2 Kxd4 65. Ke2
Kxe5 66. Ke3 c5 67. Kd2 Kd4 68. Kc2 c3 69. Kd1 Kd3 70. Kc1 c2 71. Kb2 Kd2 72.
Ka3 c1=Q+ 73. Ka4 Qb1 74. Ka5 Bc6 75. Ka6 Qb5+ 76. Ka7 Qb7# 0-1

[Event "?"]
[Site "ICS Rated blitz match, 192.23"]
[Date "1997.??.??"]
[Round "?"]
[White "Brause"]
[Black "Dorobanov"]
[Result "1-0"]
[WhiteElo "2515"]
[BlackElo "2450"]
[PlyCount "53"]

1. e4 e5 2. Nf3 Nc6 3. Nc3 Nf6 4. Nxe5 Nxe5 5. d4 Ng6 6. e5 Ng8 7. Bc4 Bb4 8.
Qf3 Qe7 9. O-O Bxc3 10. bxc3 d5 11. Bxd5 Nh4 12. Qd3 c6 13. Be4 g6 14. g3 Nf5
15. a4 Ng7 16. Ba3 Qd8 17. Qc4 Bf5 18. Qb4 Qe7 19. Qb3 Qd7 20. Bg2 Be6 21. Qb4
Qe7 22. Qa5 Qd7 23. Rfb1 Ne7 24. Qb4 Nd5 25. Qxb7 Qxb7 26. Rxb7 Bd7 27. Rab1
1-0

[Event "?"]
[Site "ICS Rated blitz match, 192.23"]
[Date "1997.??.??"]
[Round "?"]
[White "Brause"]
[Black "Dorobanov"]
[Result "1-0"]
[WhiteElo "2525"]
[BlackElo "2440"]
[PlyCount "73"]

1. e4 e5 2. Nf3 Nc6 3. Nc3 Nf6 4. Nxe5 Nxe5 5. d4 Ng6 6. e5 Ng8 7. Bc4 Bb4 8.
Qf3 Qe7 9. O-O Bxc3 10. bxc3 d5 11. Bxd5 Nh4 12. Qd3 c6 13. Be4 Be6 14. Bxh7
O-O-O 15. g3 Ng6 16. Bxg6 fxg6 17. Qxg6 Qf7 18. Qxf7 Bxf7 19. Bg5 Re8 20. a4 b6
21. a5 b5 22. Rad1 Be6 23. Rfe1 Ne7 24. Rd3 Kd7 25. a6 Rh5 26. h4 Bd5 27. g4
Rh7 28. h5 g6 29. h6 Rf8 30. Rh3 Ke6 31. Kf1 Rhf7 32. f4 Bc4+ 33. Kf2 Nd5 34.
h7 Rh8 35. f5+ gxf5 36. Rh6+ Kd7 37. e6+ 1-0

[Event "?"]
[Site "ICS Rated blitz match, 192.23"]
[Date "1997.??.??"]
[Round "?"]
[White "Brause"]
[Black "Dorobanov"]
[Result "1-0"]
[WhiteElo "2540"]
[BlackElo "2425"]
[PlyCount "37"]

1. e4 e5 2. Nf3 Nc6 3. Nc3 Nf6 4. Nxe5 Nxe5 5. d4 Ng6 6. e5 Ng8 7. Bc4 Bb4 8.
Qf3 Qe7 9. O-O Bxc3 10. bxc3 d5 11. Bxd5 Nh4 12. Qd3 c6 13. Be4 f5 14. exf6
Qxf6 15. Rb1 Ne7 16. Ba3 g6 17. Rfe1 Nhf5 18. Bxf5 Bxf5 19. Bxe7 1-0

[Event "?"]
[Site "ICS Rated blitz match, 192.23"]
[Date "1997.??.??"]
[Round "?"]
[White "Brause"]
[Black "Dorobanov"]
[Result "0-1"]
[WhiteElo "2550"]
[BlackElo "2415"]
[PlyCount "76"]

1. e4 e5 2. Nf3 Nc6 3. Nc3 Nf6 4. Nxe5 Nxe5 5. d4 Ng6 6. e5 Ng8 7. Bc4 Bb4 8.
Qf3 Bxc3+ 9. bxc3 d5 10. exd6 Qf6 11. Qxf6 Nxf6 12. dxc7 Bf5 13. Bb5+ Bd7 14.
Rb1 Bxb5 15. Rxb5 b6 16. O-O Kd7 17. Bg5 Ne4 18. c4 Nxg5 19. Rxg5 Kxc7 20. f4
f6 21. Rg4 Rhg8 22. f5 Ne7 23. Re4 Rge8 24. g3 Kd7 25. Rh4 h6 26. Rg4 Rg8 27.
d5 Rae8 28. Rgf4 Nc8 29. Kf2 Re5 30. g4 Nd6 31. Rb1 Rc8 32. Rb4 Re4 33. Rxe4
Nxe4+ 34. Ke3 Ng5 35. Ra4 a5 36. Kd3 Kd6 37. Kc3 Kc5 38. Kb2 Re8 0-1

[Event "?"]
[Site "ICS Rated blitz match, 192.23"]
[Date "1997.??.??"]
[Round "?"]
[White "Brause"]
[Black "Dorobanov"]
[Result "1-0"]
[WhiteElo "2530"]
[BlackElo "2440"]
[PlyCount "69"]

1. e4 e5 2. Nf3 Nc6 3. Nc3 Nf6 4. Nxe5 Nxe5 5. d4 Ng6 6. e5 Ng8 7. Bc4 Bb4 8.
Qf3 Bxc3+ 9. bxc3 d5 10. Bxd5 Qe7 11. Bxb7 Bxb7 12. Qxb7 Rd8 13. Qxa7 f6 14.
Qa4+ Qd7 15. Qxd7+ Kxd7 16. f4 N8e7 17. exf6 gxf6 18. O-O f5 19. Bd2 Ra8 20. a4
Ra6 21. Ra3 Rha8 22. Rfa1 Nd5 23. a5 Ndxf4 24. Rf1 Nd5 25. c4 Nde7 26. Rh3 Rh8
27. Bc3 h5 28. d5 Rh7 29. Rhf3 Kd6 30. Bb4+ c5 31. Bc3 Nh8 32. Re1 Rh6 33. Bxh8
Rxa5 34. Be5+ Kd7 35. Rb3 1-0

[Event "?"]
[Site "ICS Rated blitz match, 192.23"]
[Date "1997.??.??"]
[Round "?"]
[White "Brause"]
[Black "Dorobanov"]
[Result "1-0"]
[WhiteElo "2540"]
[BlackElo "2425"]
[PlyCount "93"]

1. e4 e5 2. Nf3 Nc6 3. Nc3 Nf6 4. Nxe5 Nxe5 5. d4 Ng6 6. e5 Ng8 7. Bc4 Bb4 8.
Qf3 Qe7 9. O-O Bxc3 10. bxc3 d5 11. Bxd5 Nh4 12. Qd3 c6 13. Be4 f5 14. exf6
Qxf6 15. Rb1 Nh6 16. Bxh7 Kf7 17. Qc4+ Qe6 18. Qxe6+ Kxe6 19. Be4 Re8 20. f3
Kf7 21. Bg5 Ng6 22. d5 cxd5 23. Bxd5+ Be6 24. Rxb7+ Kg8 25. Bxh6 gxh6 26. c4
Nf4 27. Bxe6+ Rxe6 28. g3 Ng6 29. Rd1 Re7 30. Rxe7 Nxe7 31. Rd6 Kg7 32. Ra6 Rc8
33. Rxa7 Kf6 34. Ra6+ Rc6 35. Rxc6+ Nxc6 36. f4 Nb4 37. a4 Nxc2 38. a5 Nb4 39.
g4 Na6 40. h4 Nc5 41. h5 Ke6 42. g5 hxg5 43. fxg5 Kf5 44. g6 Kf6 45. Kh2 Kg7
46. Kg3 Kh6 47. Kh4 1-0

[Event "?"]
[Site "ICS Rated blitz match, 192.23"]
[Date "1997.??.??"]
[Round "?"]
[White "Brause"]
[Black "Dorobanov"]
[Result "1-0"]
[WhiteElo "2550"]
[BlackElo "2415"]
[PlyCount "41"]

1. e4 e5 2. Nf3 Nc6 3. Nc3 Nf6 4. Nxe5 Nxe5 5. d4 Ng6 6. e5 Ng8 7. Bc4 d6 8.
Qf3 Qd7 9. O-O c6 10. exd6 Bxd6 11. Re1+ Kd8 12. Bxf7 N8e7 13. Ne4 Rf8 14. Qb3
Kc7 15. Bd2 Nd5 16. Bxd5 cxd5 17. Nxd6 Qxd6 18. Bb4 Qf6 19. Bxf8 Qxf8 20. Qxd5
Bd7 21. Qc4+ 1-0

[Event "?"]
[Site "ICS Rated blitz match, 192.23"]
[Date "1997.??.??"]
[Round "?"]
[White "Brause"]
[Black "Dorobanov"]
[Result "1-0"]
[WhiteElo "2580"]
[BlackElo "2395"]
[PlyCount "31"]

1. e4 e5 2. Nf3 Nc6 3. Nc3 Nf6 4. Nxe5 Nxe5 5. d4 Ng6 6. e5 Ng8 7. Bc4 d5 8.
Bxd5 c6 9. Bf3 f5 10. O-O Be6 11. b3 N8e7 12. Bg5 h6 13. Be3 f4 14. Bc1 Nf5 15.
Bh5 Qg5 16. Ne4 1-0

[Event "?"]
[Site "ICS Rated blitz match, 192.23"]
[Date "1997.??.??"]
[Round "?"]
[White "Brause"]
[Black "Dorobanov"]
[Result "1-0"]
[WhiteElo "2585"]
[BlackElo "2390"]
[PlyCount "43"]

1. e4 e5 2. Nf3 Nc6 3. Nc3 Nf6 4. Nxe5 Nxe5 5. d4 Ng6 6. e5 Ng8 7. Bc4 d5 8.
Bxd5 c6 9. Bf3 f5 10. O-O Be6 11. b3 Bb4 12. Na4 Qe7 13. c3 Ba5 14. b4 Bc7 15.
Nc5 Bc4 16. Nxb7 Bxf1 17. Bxc6+ Kf8 18. Kxf1 Nh6 19. Nc5 Rd8 20. Qb3 Qf7 21.
Ne6+ Ke7 22. Bg5+ 1-0

[Event "?"]
[Site "ICS Rated blitz match, 192.23"]
[Date "1997.??.??"]
[Round "?"]
[White "Brause"]
[Black "Dorobanov"]
[Result "0-1"]
[WhiteElo "2595"]
[BlackElo "2380"]
[PlyCount "91"]

1. e4 e5 2. Nf3 Nc6 3. Nc3 Nf6 4. Nxe5 Nxe5 5. d4 Ng6 6. e5 Ng8 7. Bc4 d5 8.
Bxd5 c6 9. Bf3 Bb4 10. O-O Bxc3 11. bxc3 f5 12. Qd3 Be6 13. Be3 N8e7 14. c4 Qd7
15. Rad1 Rd8 16. Bg5 O-O 17. d5 cxd5 18. cxd5 Bxd5 19. c4 Be6 20. Qxd7 Rxd7 21.
Rxd7 Bxd7 22. Bxe7 Nxe7 23. Bxb7 Bc6 24. Ba6 Rb8 25. c5 Kf7 26. Bc4+ Bd5 27.
Bxd5+ Nxd5 28. g3 f4 29. Re1 Ke6 30. Re4 fxg3 31. hxg3 Rc8 32. Ra4 Kxe5 33. f4+
Ke6 34. Ra6+ Kf5 35. Rxa7 Rc7 36. Rxc7 Nxc7 37. Kf2 Ke4 38. a4 Kd5 39. c6 Kxc6
40. Kf3 Kd5 41. f5 Ke5 42. f6 Kxf6 43. Kg4 Kg6 44. Kf4 Kf6 45. Kg4 g5 46. a5
0-1